[Event "Valby K41 Spring-C"]
[Site "Valby"]
[Date "2010.04.06"]
[Round "4"]
[White "Gjelstrup, Ole"]
[Black "Nissen, Kaspar"]
[Result "1/2-1/2"]
[WhiteElo "1472"]
[BlackElo "1441"]
[PlyCount "108"]
[EventDate "2010.03.09"]
[EventType "swiss"]
[EventRounds "7"]
[EventCountry "DEN"]
[SourceTitle "EXT 2023"]
[Source "ChessBase"]
[SourceDate "2022.10.05"]
[SourceVersion "1"]
[SourceVersionDate "2022.10.05"]
[SourceQuality "1"]

1. e4 c5 2. d4 cxd4 3. c3 Nf6 4. e5 Nd5 5. Bc4 Qc7 6. Qe2 d3 7. Qxd3 Qxe5+ 8. Ne2 Nb6 9. Bb3 Nc6 10. 0-0 d6 11. Bf4 Bf5 12. Qd2 Qf6 13. Na3 h6 14. Nb5 Kd7 15. Be3 Be6 16. Nf4 Nc4 17. Qe2 Nxe3 18. Qxe3 Bxb3 19. axb3 Qf5 20. Nxa7 Rxa7 21. Rxa7 Nxa7 22. Ra1 Nc6 23. g3 g5 24. Qb6 gxf4 25. Qxb7+ Ke6 26. Qxc6 Bg7 27. Ra7 Kf6 28. Qc4 fxg3 29. hxg3 h5 30. Qh4+ Qg5 31. Qxg5+ Kxg5 32. Rxe7 Kf6 33. Rb7 Ra8 34. Rb6 Ke6 35. c4 Bd4 36. Rb5 f5 37. b4 Ra2 38. c5 Rxb2 39. cxd6 Bxf2+ 40. Kf1 Bxg3 41. d7 Kxd7 42. Rxf5 h4 43. Rh5 Rxb4 44. Kg2 Ke6 45. Kf3 Rf4+ 46. Kg2 Rf5 47. Rh6+ Ke5 48. Kh3 Kf4 49. Rh8 Kf3 50. Rh7 Kf2 51. Rh8 Kg1 52. Rh7 Rg5 53. Re7 Bf2 54. Re1+ Bxe1 1/2-1/2

[Event "Valby K41 op 0910"]
[Site "Valby"]
[Date "2009.12.01"]
[Round "3"]
[White "Lofberg, Jan"]
[Black "Nissen, Kaspar"]
[Result "1/2-1/2"]
[WhiteElo "1801"]
[BlackElo "1418"]
[PlyCount "33"]
[EventDate "2009.11.03"]
[EventType "swiss"]
[EventRounds "9"]
[EventCountry "DEN"]
[SourceTitle "EXT 2018"]
[Source "ChessBase"]
[SourceDate "2017.10.13"]
[SourceVersion "1"]
[SourceVersionDate "2017.10.13"]
[SourceQuality "1"]

1. e4 c5 2. d4 cxd4 3. c3 dxc3 4. Bc4 e6 5. Nxc3 Bb4 6. Nf3 Nc6 7. 0-0 a6 8. Bf4 Nge7 9. a3 Bxc3 10. bxc3 b5 11. Ba2 Bb7 12. Qe2 0-0 13. Bd6 Qb6 14. c4 Nd4 15. Nxd4 Qxd6 16. Rfd1 Qe5 17. Nf3 1/2-1/2

[Event "Valby K41 Autumn-B"]
[Site "Valby"]
[Date "2009.09.29"]
[Round "4"]
[White "Nissen, Kaspar"]
[Black "Christensen, Aage Niels"]
[Result "1/2-1/2"]
[WhiteElo "1328"]
[BlackElo "1326"]
[PlyCount "44"]
[EventDate "2009.09.08"]
[EventType "swiss"]
[EventRounds "7"]
[EventCountry "DEN"]
[SourceTitle "EXT 2023"]
[Source "ChessBase"]
[SourceDate "2022.10.05"]
[SourceVersion "1"]
[SourceVersionDate "2022.10.05"]
[SourceQuality "1"]

1. Nf3 f5 2. g3 Nf6 3. Bg2 Nc6 4. 0-0 e5 5. d3 Be7 6. Nbd2 0-0 7. c4 a5 8. e4 fxe4 9. dxe4 d6 10. a3 Kh8 11. Qc2 Bd7 12. b3 b6 13. Bb2 Qc8 14. Bc3 Ng8 15. b4 Bh3 16. c5 Bxg2 17. Kxg2 Bf6 18. cxd6 cxd6 19. b5 Nd4 20. Qd3 Nxf3 21. Nxf3 Qb7 22. Qd5 Qxd5 1/2-1/2

[Event "Valby K41 Autumn-B"]
[Site "Valby"]
[Date "2009.09.22"]
[Round "3"]
[White "Egholm, Leif"]
[Black "Nissen, Kaspar"]
[Result "1/2-1/2"]
[WhiteElo "1672"]
[BlackElo "1328"]
[PlyCount "59"]
[EventDate "2009.09.08"]
[EventType "swiss"]
[EventRounds "7"]
[EventCountry "DEN"]
[SourceTitle "EXT 2023"]
[Source "ChessBase"]
[SourceDate "2022.10.05"]
[SourceVersion "1"]
[SourceVersionDate "2022.10.05"]
[SourceQuality "1"]

1. e4 c5 2. c4 Nc6 3. Nc3 e5 4. d3 Nge7 5. f4 d6 6. Nf3 Bg4 7. Be2 Bxf3 8. Bxf3 Nd4 9. 0-0 Nec6 10. a3 Be7 11. Bg4 0-0 12. Nd5 exf4 13. Bxf4 Bg5 14. Rb1 Bxf4 15. Nxf4 Ne5 16. Nh3 Qh4 17. Rf4 Qh6 18. Qf1 Nxg4 19. Rxg4 Qe3+ 20. Kh1 f5 21. Rg3 Qd2 22. Qd1 Qxd1+ 23. Rxd1 fxe4 24. dxe4 Rf6 25. Ng1 Raf8 26. Nf3 Nxf3 27. gxf3 Rxf3 28. Rxf3 Rxf3 29. Rxd6 Rb3 30. Rd2 1/2-1/2

[Event "Valby K41 Autumn-B"]
[Site "Valby"]
[Date "2009.09.08"]
[Round "1"]
[White "Mouritsen, Jan"]
[Black "Nissen, Kaspar"]
[Result "1/2-1/2"]
[WhiteElo "1719"]
[BlackElo "1328"]
[PlyCount "130"]
[EventDate "2009.09.08"]
[EventType "swiss"]
[EventRounds "7"]
[EventCountry "DEN"]
[SourceTitle "EXT 2023"]
[Source "ChessBase"]
[SourceDate "2022.10.05"]
[SourceVersion "1"]
[SourceVersionDate "2022.10.05"]
[SourceQuality "1"]

1. d4 d5 2. c4 e6 3. Nc3 Nf6 4. Bg5 Be7 5. cxd5 exd5 6. e3 0-0 7. Qc2 c6 8. Nf3 Ne4 9. Bxe7 Qxe7 10. Nxe4 dxe4 11. Nd2 f5 12. Bc4+ Be6 13. 0-0 Bxc4 14. Nxc4 Nd7 15. Rac1 Kh8 16. a3 a5 17. f3 exf3 18. Rxf3 g6 19. Qc3 a4 20. d5+ Qf6 21. dxc6 Qxc3 22. Rxc3 bxc6 23. Rf4 c5 24. e4 fxe4 25. Rxe4 Rf5 26. Nd6 Rd5 27. Nc4 Rd1+ 28. Kf2 Rf8+ 29. Ke2 Rff1 30. Re8+ Kg7 31. Ne3 Rfe1+ 32. Kf2 Kf7 33. Nxd1 Rxe8 34. Rc4 Ra8 35. Nc3 Ne5 36. Rxa4 Rxa4 37. Nxa4 c4 38. Ke3 Ng4+ 39. Kd4 Nxh2 40. Kxc4 h5 41. b4 Ng4 42. b5 Ne5+ 43. Kc5 g5 44. Kd5 Nd7 45. b6 h4 46. Nc5 Nxb6+ 47. Kc6 Nc4 48. a4 g4 49. Ne4 Kg6 50. Kc5 Kf5 51. Nf2 Na5 52. Kb5 Kf4 53. Kxa5 Kg3 54. Nxg4 Kxg4 55. Kb6 Kg3 56. a5 Kxg2 57. a6 h3 58. a7 h2 59. a8Q+ Kg1 60. Qg8+ Kh1 61. Qd5+ Kg1 62. Qd1+ Kg2 63. Qe2+ Kg1 64. Qg4+ Kh1 65. Qh3 Kg1 1/2-1/2